Льготы в России: сборник нормативных документов

Xehetasun bibliografikoak
Beste egile batzuk: Гетманова Н. (составитель), Хазин М.
Hizkuntza:errusiera
Argitaratua: Москва, Известия, 1993
Gaiak:
Formatua: MixedMaterials Liburua
KOHA link:https://koha.lib.tpu.ru/cgi-bin/koha/opac-detail.pl?biblionumber=326736

MARC

LEADER 00000nam0a2200000 4500
001 326736
005 20231102003906.0
010 |a 5206004162 
035 |a (RuTPU)RU\TPU\book\352396 
090 |a 326736 
100 |a 20170113d1993 km y0rusy50 ca 
101 0 |a rus 
102 |a RU 
105 |a y n 000zy 
200 1 |a Льготы в России  |e сборник нормативных документов  |f сост. Н. Гетманова , М. Хазин 
210 |a Москва  |c Известия  |c Закон  |d 1993 
215 |a 88 с. 
606 1 |a Льготы  |y Россия  |2 stltpush  |3 (RuTPU)RU\TPU\subj\36371  |9 57777 
610 1 |a пенсии 
610 1 |a пособия 
610 1 |a компенсации 
610 1 |a нормативные акты 
610 1 |a социальная защита 
686 |a У9(2)272  |v LBC/SL-A  |2 rubbk 
702 1 |a Гетманова  |b Н.  |4 220 
702 1 |a Хазин  |b М.  |4 220 
801 1 |a RU  |b 63413507  |c 20170113 
801 2 |a RU  |b 63413507  |c 20170123  |g RCR 
942 |c BK